00450nam a22001457a 450000500170000000800410001702000150005804100130007308200140008610000250010024500920012526000360021730000260025365000250027920231027125329.0231027b |||||||| |||| 00| 0 eng d a0409012378 aEnglish  a347.7 BEC aIsaacs, I lEnglish  aBeck's Theory and Principles of Pleading in Civil Actions 1985 Supplement / cI Isaacs  aDurban : bButterworths, c1985 bx, 56 pages c24 cm.  aLegal practice bLaw